LaLiga 24/25 Top Scorers - Statistics

General Stats
  • This quiz has been taken 130 times
  • The average score is 23 of 43
Answer Stats
age pos pts Answer % Correct
Real Madrid Flag of France (26) CF 31 3 34 Kylian Mbappé
99%
FC Barcelona Flag of Poland (36) CF 27 2 29 Robert Lewandowski
98%
FC Barcelona Flag of Brazil (28) LW 18 11 29 Raphinha
96%
FC Barcelona Flag of Spain (17) LW 9 15 24 Lamine Yamal
86%
Atlético de Madrid Flag of Norway (29) CF 20 2 22 Alexander Sørloth
81%
Real Madrid Flag of England (21) AM 9 9 18 Jude Bellingham
81%
Real Madrid Flag of Brazil (24) LW 11 10 21 Vinicius Junior
81%
Atlético de Madrid Flag of Argentina (25) CF 17 4 21 Julián Álvarez
78%
Real Betis Balompié Flag of Spain (33) AM 9 8 17 Isco
71%
CA Osasuna (33) CF 21 4 25 Ante Budimir
70%
Atlético de Madrid Flag of France (34) CF 8 7 15 Antoine Griezmann
70%
FC Barcelona Flag of Spain (25) CF 10 6 16 Ferran Torres
70%
Real Madrid Flag of Brazil (24) RW 6 6 12 Rodrygo
70%
Real Madrid Flag of Uruguay (26) CM 6 4 10 Federico Valverde
68%
Athletic Bilbao Flag of Ghana (30) RW 6 8 14 Iñaki Williams
68%
FC Barcelona Flag of Spain (27) AM 10 4 14 Dani Olmo
66%
Celta de Vigo Flag of Spain (37) CF 10 5 15 Iago Aspas
59%
Athletic Bilbao Flag of Spain (25) AM 15 1 16 Oihan Sancet
56%
Sevilla FC Flag of Belgium (27) RW 11 2 13 Dodi Lukébakio
52%
Girona FC Flag of Uruguay (38) CF 11 2 13 Cristhian Stuani
51%
Athletic Bilbao Flag of Spain (22) LW 5 5 10 Nico Williams
51%
FC Barcelona Flag of Spain (22) AM 6 5 11 Fermín López
50%
Real Sociedad Flag of Spain (28) CF 9 3 12 Mikel Oyarzabal
49%
Villarreal CF Flag of Spain (31) CF 19 2 21 Ayoze Pérez
47%
Celta de Vigo Flag of Spain (32) CF 11 3 14 Borja Iglesias
46%
Valencia CF Flag of Spain (25) CF 11 3 14 Hugo Duro
44%
Real Betis Balompié Flag of Argentina (29) AM 8 3 11 Giovani Lo Celso
43%
Villarreal CF Flag of Spain (23) LW 7 10 17 Álex Baena
41%
UD Las Palmas Flag of Portugal (22) CF 10 3 13 Fábio Silva
41%
Celta de Vigo Flag of Spain (26) RB 4 6 10 Óscar Mingueza
41%
RCD Espanyol Barcelona Flag of Spain (26) LW 12 4 16 Javi Puado
39%
Athletic Bilbao Flag of Spain (29) LW 6 8 14 Álex Berenguer
38%
Deportivo Alavés Flag of Spain (35) CF 13 0 13 Kike García
36%
Villarreal CF Flag of France (22) CF 11 4 15 Thierno Barry
36%
Getafe CF Flag of Nigeria (22) AM 4 6 10 Christantus Uche
35%
Villarreal CF Flag of Spain (22) RW 4 8 12 Yéremy Pino
35%
Getafe CF Flag of Uruguay (29) CM 10 0 10 Mauro Arambarri
34%
Valencia CF Flag of Spain (23) RW 8 5 13 Diego López
29%
Deportivo Alavés Flag of Spain (26) RW 5 5 10 Carlos Vicente
27%
CD Leganés Flag of Spain (29) RW 8 5 13 Dani Raba
23%
CA Osasuna Flag of Spain (31) RW 5 5 10 Rubén García
23%
RCD Mallorca Flag of Spain (36) AM 4 7 11 Dani Rodríguez
22%
UD Las Palmas Flag of Spain (29) CF 9 3 12 Sandro Ramírez
21%
No matching quizzes found
Score Distribution
Percent of People with Each Score
Percentile by Number Answered
Your Score History
You have not taken this quiz